=LDR 00000nam 2200000 4500 =001 INLIS000000000043876 =005 20250422115046 =035 ##$$a 0010-101300000001798 =008 250422###########################0#ind## =041 ##$$a ind =082 ##$$a F.Rom.K =090 ##$$a F.Rom.K, Har b =100 ##$$a Harjana HP =245 1#$$a Burung berkepala dua, Harjana HP /$c Harjana HP =260 ##$$a Jakarta :$b PT. Gramedia Widiasarana Indonesia,$c 2001 =300 ##$$a 16 hlm : $b ilus ; $c 21 x 18 cm =650 #4$$a Fiksi Kanak-kanak =850 ##$$a NBPNMAT =084 ##$$a F.Rom.K HAR b =990 ##$$a 34873487 =990 ##$$a 20613322